Peace, prosperity, and the coming holocaust / (Record no. 1138)

MARC details
000 -LEADER
fixed length control field 00739nam a2200253 a 4500
001 - CONTROL NUMBER
control field 1862729
003 - CONTROL NUMBER IDENTIFIER
control field GBCCL
005 - DATE AND TIME OF LATEST TRANSACTION
control field 20241126110354.0
008 - FIXED-LENGTH DATA ELEMENTS--GENERAL INFORMATION
fixed length control field 830926s1983 oru b 000 0 eng
010 ## -
-- 82084069
020 ## - INTERNATIONAL STANDARD BOOK NUMBER
International Standard Book Number 0890813310 (pbk.)
040 ## - CATALOGING SOURCE
Original cataloging agency DLC
Transcribing agency DLC
Modifying agency DLC
050 00 -
-- BF1791
-- .H86 1983
082 00 - DEWEY DECIMAL CLASSIFICATION NUMBER
Classification number 236
Edition information 19
Item number HUN
100 1# - MAIN ENTRY--PERSONAL NAME
Personal name Hunt, Dave.
9 (RLIN) 609
245 10 - TITLE STATEMENT
Title Peace, prosperity, and the coming holocaust /
Statement of responsibility, etc. Dave Hunt.
260 ## - PUBLICATION, DISTRIBUTION, ETC.
Place of publication, distribution, etc. Eugene, Or. :
Name of publisher, distributor, etc. Harvest House Publishers,
Date of publication, distribution, etc. c1983.
300 ## - PHYSICAL DESCRIPTION
Extent 282 p. ;
Dimensions 21 cm.
504 ## - BIBLIOGRAPHY, ETC. NOTE
Bibliography, etc. note Includes bibliographical references.
650 #0 - SUBJECT ADDED ENTRY--TOPICAL TERM
Topical term or geographic name entry element Prophecies.
9 (RLIN) 2051
650 #0 - SUBJECT ADDED ENTRY--TOPICAL TERM
Topical term or geographic name entry element Antichrist.
9 (RLIN) 2052
906 ## - LOCAL DATA ELEMENT F, LDF (RLIN)
a 7
b cbc
c orignew
d 3
e opcn
f 19
g y-gencatlg
942 ## - ADDED ENTRY ELEMENTS (KOHA)
Source of classification or shelving scheme Dewey Decimal Classification
Koha item type Books
Koha issues (borrowed), all copies 3
Holdings
Withdrawn status Lost status Source of classification or shelving scheme Damaged status Not for loan Home library Current Library Shelving location Date acquired Total checkouts Full call number Barcode Date last seen Date last checked out Copy number Price effective from Koha item type
    Dewey Decimal Classification     GRACE BIBLE COLLEGE GRACE BIBLE COLLEGE Theology 2017-04-18 4 236 HUN 006650 2025-05-01 2023-01-23 c.1 2017-04-18 Books
© Grace Bible College Library 2025